| 000 -ლიდერი |
| ფიქსირებული სიგრძის საკონტროლო ველი |
00947nam a22001937a 4500 |
| 003 - საკონტროლო ნომრის იდენტიფიკატორი |
| საკონტროლო ველი |
Ge_BSU |
| 005 - ბოლო ოპერაციის თარიღი და დრო |
| საკონტროლო ველი |
20221128114922.0 |
| 008 - ფიქსირებული სიგრძის მონაცემთა ელემენტები - ზოგადი ინფორმაცია |
| ფიქსირებული სიგრძის საკონტროლო ველი |
221128s1974ge xxu||||| |||| 00| 0 geo d |
| 041 ## - ენის კოდი |
| Language code of text/sound track or separate title |
geo |
| Language code of original and/or intermediate translations of text |
eng |
| 080 ## - უნივერსალური ათობითი კლასიფიკაციის ინდექსი |
| Universal Decimal Classification number |
821.111-312.6 ს-85 |
| 100 ## - მთავარი ჩანაწერი - პიროვნების სახელი |
| Personal name |
სტოუნი, ირვინგ, 1903-1989. |
| 9 (RLIN) |
16139 |
| 245 ## - ცნობა სათაურის შესახებ |
| Title |
წყურვილი სიცოცხლისა : |
| Remainder of title |
ბიოგრაფიული რომანი ვინსენტ ვან გოგზე / |
| Statement of responsibility, etc |
ირვინგ სტოუნი, ინგლ. თარგმნა მ. ანთაძემ. |
| 264 ## - წარმოების, გამოცემის, დისტრიბუციის და სხვა ცნობები |
| გამოცემის, წარმოების, დისტრიბუციის... ადგილი |
თბილისი: |
| გამოცემის, წარმოების, დისტრიბუციის... სახელწოდება |
საბჭ. საქართველო, |
| გამოცემის, წარმოების, დისტრიბუციის... თარიღი |
1974. |
| 300 ## - ფიზიკური აღწერა |
| Extent |
555გვ. : |
| Other physical details |
ილ.; 3 ფ. ილ. ; |
| Dimensions |
20სმ. |
| 653 ## - INDEX TERM--UNCONTROLLED |
| Uncontrolled term |
წყურვილი სიცოცხლისა |
| 653 ## - INDEX TERM--UNCONTROLLED |
| Uncontrolled term |
რომანი |
| 700 ## - ADDED ENTRY--PERSONAL NAME |
| Personal name |
ანთაძე, მ |
| Relator term |
მთარგმნელი |
| 9 (RLIN) |
16140 |
| 942 ## - ADDED ENTRY ELEMENTS (KOHA) |
| Source of classification or shelving scheme |
|
| Koha item type |
წიგნი |